Construction Practices and Instrumentation in Geotechnical Engineering. Vol 1/ (Record no. 4311)

MARC details
000 -LEADER
fixed length control field 00816nac a22001691u 4500
008 - FIXED-LENGTH DATA ELEMENTS--GENERAL INFORMATION
fixed length control field 100905t xxu||||| |||| 00| 0 eng d
082 ## - DEWEY DECIMAL CLASSIFICATION NUMBER
Classification number 624
Item number CON
100 ## - MAIN ENTRY--PERSONAL NAME
Personal name Desai, Mahesh
9 (RLIN) 17925
111 ## - MAIN ENTRY--MEETING NAME
9 (RLIN) 17927
Meeting name or jurisdiction name as entry element Proceedings of the conference on Construction Practices and Instrumentation in Geotechnical Engineering
Location of meeting Surat, India,
Date of meeting 20-23 DEc. 1982
245 ## - TITLE STATEMENT
Title Construction Practices and Instrumentation in Geotechnical Engineering. Vol 1/
Statement of responsibility, etc Edited by Mahesh Desai
260 ## - PUBLICATION, DISTRIBUTION, ETC. (IMPRINT)
Place of publication, distribution, etc New Delhi :
Name of publisher, distributor, etc Oxford & IBH Pub. Co.,
Date of publication, distribution, etc 1982
300 ## - PHYSICAL DESCRIPTION
Extent 387 p.:
Other physical details ill.;
Dimensions 26 cm.
504 ## - BIBLIOGRAPHY, ETC. NOTE
Bibliography, etc Includes index
650 ## - SUBJECT ADDED ENTRY--TOPICAL TERM
Topical term or geographic name as entry element structural engineering
9 (RLIN) 17926
942 ## - ADDED ENTRY ELEMENTS (KOHA)
Item type Book - Borrowing
Call number prefix 624 CON
Source of classification or shelving scheme Dewey Decimal Classification
Holdings
Withdrawn status Item status Source of classification or shelving scheme Damaged status Not for loan Vendor Home library Current library Shelving location Date acquired Source of acquisition Total Checkouts Full call number Barcode Date last seen Koha item type
    Dewey Decimal Classification       Central Library Central Library First floor 05/09/2010     624CON 000000228 15/07/2025 Book - Borrowing